000 02607nam a2200457 a 4500
001 ebr10516914
003 CaPaEBR
006 m u
007 cr cn|||||||||
008 090828s2010 nyu sb 001 0deng d
010 _z 2009035985
020 _z9781433107597 (hardcover alk. paper)
020 _z9781453904701 (e-book)
040 _aCaPaEBR
_cCaPaEBR
035 _a(OCoLC)774287361
043 _an-us-va
_ae-uk---
050 1 4 _aF234.M18
_bL36 2010eb
082 0 4 _a975.5/02
_222
100 1 _aLambert, David E.,
_d1943-
245 1 4 _aThe Protestant international and the Huguenot migration to Virginia
_h[electronic resource] /
_cDavid E. Lambert.
260 _aNew York :
_bPeter Lang,
_cc2010.
300 _aix, 222 p.
490 1 _aStudies in church history,
_x1074-6749 ;
_vv. 12
504 _aIncludes bibliographical references and index.
505 0 _aIntroduction -- Persecution, refugees, and the Protestant international response (1688-1690) -- From Ireland to Piedmont : Lord Galway and refugee resettlement in the Protestant international (1689-1697) -- Always in a storm : post-war pressures for a "refugee retreat elsewhere" (1697-1700) -- Dr. Daniel Coxe : Carolana resettlement project and the Protestant international (1698-1700) -- Destination Virginia : King William's patronage of Huguenot refugee resettlement (1699-1700) -- "Above the falls of the James" : Huguenot beginnings at Manakin Town (1700-1701) -- Benjamin de Joux : Vaudois influence at Manakin Town -- Huguenots in the storm at Manakin Town -- Conclusion.
533 _aElectronic reproduction.
_bPalo Alto, Calif. :
_cebrary,
_d2012.
_nAvailable via World Wide Web.
_nAccess may be limited to ebrary affiliated libraries.
600 1 0 _aSailly, Charles de.
600 0 0 _aWilliam
_bIII,
_cKing of England,
_d1650-1702.
650 0 _aHuguenots
_zVirginia
_zManakin
_xHistory
_y17th century.
650 0 _aLand settlement
_zVirginia
_xHistory
_y17th century.
650 0 _aReligious refugees
_zVirginia
_xHistory
_y17th century.
650 0 _aProtestants
_xHistory
_y17th century.
650 0 _aHuguenots
_xMigrations
_xHistory
_y17th century.
650 0 _aHuguenots
_zGreat Britain
_xHistory
_y17th century.
651 0 _aManakin (Va.)
_xHistory
_y17th century.
651 0 _aVirginia
_xHistory
_yColonial period, ca. 1600-1775.
655 7 _aElectronic books.
_2local
710 2 _aebrary, Inc.
830 0 _aStudies in church history (New York, N.Y.) ;
_vv. 12.
856 4 0 _uhttp://site.ebrary.com/lib/rucke/Doc?id=10516914
_zAn electronic book accessible through the World Wide Web; click to view
999 _c121414
_d121414